<The> Penguin Business Dictionary

Enregistré dans:
Détails bibliographiques
Auteur principal: Greener, Michael
Format: Livre
Langue:anglais
Publié: London Penguin Books 1987
Édition:3. ed.
Tags: Ajouter un tag
Pas de tags, Soyez le premier à ajouter un tag!

MARC

LEADER 00000nam a2200000 4500
001 c041404
005 20221219120349.1
041 0 |a eng 
044 |a GB 
245 1 0 |a <The> Penguin Business Dictionary  |c Michael Greener 
250 |a 3. ed. 
264 1 |a London  |b Penguin Books  |c 1987 
300 |a 316 s. 
100 1 |a Greener, Michael